Statistiques concernant One Punch Man quiz - Facile

Cliquez ici pour prendre le quiz!

Statistiques générales

  • Ce quiz a été pris 159 fois
  • Le résultat moyen est 7 sur 10

Statistiques - réponses

QuestionRéponse% Correct
Comment se nomme le disciple de Saitama ?Genos
100%
Comment Saitama s'est retrouvé aussi puissant ?Il a suivi un entrainement régulier
94%
Lequel de ces ennemis n'a pas été vaincu en un coup par Saitama ?Boros
80%
Comment se nomme le n°1 des héros de Classe S ?Blast
77%
Saitama a rencontré Genos pour la première fois lorsque ce dernier affrontait...Mousmétique
77%
Lequel de ces héros fait parti du top 10 de Classe S ?Metal Knight
74%
Quel adversaire de Saitama l'a poussé à dépasser ses limites ?Garou
73%
Qui a tué Genos ?Garou
62%
Combien existe t-il de Classes de Héros ?4
57%
Ou se positionne Saitama dans le classement des héros ?7ème de Classe B
52%

Distribution des résultats

Percentile par nombre de réponses

% des personnes avec chaque résultat

Votre développement - résultats

Vous n’avez pas pris ce quiz